Team teaching with adults/by chester O. Galloway in collaboration with Jean Esterlin...'et al / (Record no. 27459)
[ view plain ]
| 000 -LEADER | |
|---|---|
| fixed length control field | 00772nam a22002291a 4500 |
| 001 - CONTROL NUMBER | |
| control field | 7792064 |
| 005 - DATE AND TIME OF LATEST TRANSACTION | |
| control field | 20141130020003.0 |
| 008 - FIXED-LENGTH DATA ELEMENTS--GENERAL INFORMATION | |
| fixed length control field | 920101s1972 nyu 000 0 eng |
| 035 ## - SYSTEM CONTROL NUMBER | |
| System control number | (OCoLC)ocm04801498 |
| 035 ## - SYSTEM CONTROL NUMBER | |
| System control number | (ONUdb)29458 |
| 040 ## - CATALOGING SOURCE | |
| Modifying agency | ONUdb |
| 099 #1 - LOCAL FREE-TEXT CALL NUMBER (OCLC) | |
| Classification number | 268.434 |
| -- | G138t |
| 100 1# - MAIN ENTRY--PERSONAL NAME | |
| Personal name | Galloway, Chester O. |
| 245 10 - TITLE STATEMENT | |
| Title | Team teaching with adults/by chester O. Galloway in collaboration with Jean Esterlin...'et al / |
| Statement of responsibility, etc | by Chester O. Galloway in collaboration with Jean Esterline... ·et al.♭. |
| 260 ## - PUBLICATION, DISTRIBUTION, ETC. (IMPRINT) | |
| Place of publication, distribution, etc | Africa : |
| Name of publisher, distributor, etc | Kansas City, Mo. : Beacon Hill Press of Kansas City, |
| Date of publication, distribution, etc | 1972. |
| 300 ## - PHYSICAL DESCRIPTION | |
| Extent | 108 p. ; 19 cm. |
| 500 ## - GENERAL NOTE | |
| General note | Bibliography: p. 107-108. |
| 590 ## - LOCAL NOTE (RLIN) | |
| Local note | 79211 |
| 650 #0 - SUBJECT ADDED ENTRY--TOPICAL TERM | |
| Topical term or geographic name as entry element | Sunday school teachers. |
| 650 #0 - SUBJECT ADDED ENTRY--TOPICAL TERM | |
| Topical term or geographic name as entry element | Teaching teams. |
| 942 00 - ADDED ENTRY ELEMENTS (KOHA) | |
| Koha issues (borrowed), all copies | 1 |
| Withdrawn status | Lost status | Source of classification or shelving scheme | Damaged status | Not for loan | Collection code | Home library | Current library | Shelving location | Date acquired | Cost, normal purchase price | Total Checkouts | Full call number | Barcode | Date last seen | Date checked out | Copy number | Price effective from | Koha item type |
|---|---|---|---|---|---|---|---|---|---|---|---|---|---|---|---|---|---|---|
| Library of Congress Classification | General Circulation | AIU/NEGST - Tony Wilmot Memorial Library | AIU/NEGST - Tony Wilmot Memorial Library | General Stacks | 12/14/2009 | 9.00 | 3 | BV 1534.G35 1972 | R20577A3232 | 09/26/2019 | 11/29/2014 | 1 | 12/14/2009 | Books |
